000 01188namaa22003131i 4500
003 EG-GICUC
005 20260203134358.0
008 260203s2003 ua ||||jr|||| 000 0 ara d
017 _a2003 / 13979
_bدار الكتب والوثائق القومية(مصر)
020 _a277358027X
040 _aEG-GiCUC
_bara
_cEG-GiCUC
_dEG-GiCUC
_erda
082 0 4 _221
_a239
_bS1323
092 0 4 _221
_a239
_bS1323
099 _a239 S1323
100 1 _aالسعيد، محمد
_eمؤلف.
245 1 _aمحمد رسول الله :
_bصفات الكمال البشرى /
_cمحمد السعيد
264 _a[ القاهرة] (مصر) :
_bالناشر غير محدد،
_c[2003]
300 _a؛ 386 صفحة
_c24 سم
_bإيضاحيات، صور، مثيليات ؛ Illustrations
336 _2rdacontent
_atext
337 _2rdamedia
_aUnmediated
338 _2rdacarrier
_avolume
490 _aنحو تأصيل الخطاب الدينى ؛
_vالكتاب الثانى
504 _a.
541 _aد. جابر عصفور ؛
_bالقاهرة ؛
_cإهداء ؛
_d2024.
650 1 7 _aالسيرة النبوية
_2qrmak
651 1 _2qrmak
905 _aHuda
942 _2ddc
_cBK
_e21
_n0
999 _c178152
_d178152